| 000 | 00922nam a22002897a 4500 | ||
|---|---|---|---|
| 003 | CHAP | ||
| 005 | 20220329133923.0 | ||
| 008 | 971013s1988 r 00010 d | ||
| 010 | _a12703 | ||
| 011 | _a13675 | ||
| 035 | _a17747 | ||
| 040 | _cCHAP | ||
| 082 |
_a634.955 _bC4 1988 |
||
| 110 |
_aCentro de Genética Forestal, A. C. Chapingo, Méx. _921101 |
||
| 245 | _aAvances de la investigación en 1988 | ||
| 260 |
_aChapingo, Méx. : _bEl Centro, _c1988 |
||
| 300 | _a138 h. | ||
| 590 |
_aBATCH-UPD _b10 _c20130110 _lUCH01 _h1849 |
||
| 590 |
_aBATCH-UPD _b10 _c20130410 _lUCH01 _h1219 |
||
| 590 |
_aBATCH-UPD _b10 _c20130914 _lUCH01 _h1540 |
||
| 590 |
_aCONVERSION _b10 _c20130109 _lUCH01 _h1308 |
||
| 650 | 1 | 4 |
_aGenética forestal _xInvestigación. _947493 |
| 700 | 0 |
_aEguiluz Piedra, Teobaldo. _935767 |
|
| 901 | _aBK | ||
| 942 | _cLIBRO | ||
| 949 |
_a634.955 C4 1988 _bBC _cLIBRO _d33724000235917 _eLIBRO _h86910 _i17747 _si |
||
| 999 |
_c12703 _d12703 |
||